Daily Capital City Riddle #36 - Statistics

General Stats
  • This quiz has been taken 54 times
  • The average score is 27 of 34
Answer Stats
Type Answer % Correct
Found Letter A
100%
Found Letter E
100%
Alphabet Letter I
100%
Alphabet Letter L
100%
Found Letter N
100%
Alphabet Letter R
100%
Alphabet Letter T
100%
Alphabet Letter B
98%
Found Letter O
98%
Alphabet Letter M
95%
Alphabet Letter S
95%
Correctly Placed Letter A
93%
Alphabet Letter G
93%
Found Letter U
93%
Alphabet Letter C
88%
Found Letter D
88%
Alphabet Letter P
88%
Alphabet Letter K
86%
Alphabet Letter H
83%
Found Letter Y
81%
Alphabet Letter W
79%
Alphabet Letter J
76%
Alphabet Letter V
76%
Alphabet Letter Z
69%
Correctly Placed Letter N
67%
Alphabet Letter X
64%
Alphabet Letter Q
62%
Alphabet Letter F
60%
Correctly Placed Letter D
55%
Correctly Placed Letter U
55%
Correctly Placed Letter Y
52%
Correctly Placed Letter O
50%
Correctly Placed Letter É
48%
Mystery Capital Yaoundé
48%
No matching quizzes found
Score Distribution
Percent of People with Each Score
Percentile by Number Answered
Your Score History
You have not taken this quiz